El Cuarto Armario; Five Nights at Freddy's (Registro nro. 15929)

000 -CABECERA
campo de control de longitud fija 01443nam a22002417a 4500
003 - IDENTIFICADOR DEL NÚMERO DE CONTROL
campo de control OSt
005 - FECHA Y HORA DE LA ÚLTIMA TRANSACCIÓN
campo de control 20250506142218.0
008 - DATOS DE LONGITUD FIJA--INFORMACIÓN GENERAL
campo de control de longitud fija 250506b ||||| |||| 00| 0 spa d
020 ## - NÚMERO INTERNACIONAL ESTÁNDAR DEL LIBRO
Número Internacional Estándar del Libro 9789588763866
040 ## - FUENTE DE LA CATALOGACIÓN
Centro/agencia transcriptor CO-Mq BPB
041 ## - CÓDIGO DE LENGUA
Código de lengua del texto/banda sonora o título independiente spa
082 ## - NÚMERO DE LA CLASIFICACIÓN DECIMAL DEWEY
Número de clasificación JN
Número de documento/Ítem CAWc
100 ## - ENTRADA PRINCIPAL--NOMBRE DE PERSONA
Nombre de persona Cawthon, Scott
Término indicativo de función/relación autor
245 ## - MENCIÓN DE TÍTULO
Título El Cuarto Armario; Five Nights at Freddy's
264 ## - PRODUCCIÓN, PUBLICACIÓN, DISTRIBUCIÓN, FABRICACIÓN Y COPYRIGHT
Producción, publicación, distribución, fabricación y copyright Bogotá;
Nombre del de productor, editor, distribuidor, fabricante Penguin Random House,
Fecha de producción, publicación, distribución, fabricación o copyright 2023
300 ## - DESCRIPCIÓN FÍSICA
Extensión 361 páginas;
Otras características físicas Tapa rustica
Dimensiones 21 cm
521 ## - NOTA DE PÚBLICO DESTINATARIO
Nota de público destinatario ¿Qué fue lo que realmente sucedió con Charlie? Esta es la pregunta que John es incapaz de entender, además de las constantes pesadillas que tiene en las que Charlie aparece muerto, pero en las que también, milagrosamente, Charlie reaparece. Lo único que John quiere es olvidar la saga de terror que vivió en la Freddy Fazbear's Pizza, pero el pasado no es tan sencillo de enterrar. Mientras tanto, la apertura de una nueva pizzería en Hurricane trae consigo una nueva ola de secuestros que le suenan muy familiares. Unidos por la pérdida de su niñez y a regañadientes, John se juntará con Jessica, Marla y Carlton para resolver el caso y encontrar a los niños desaparecidos. A lo largo del camino, descifrarán el misterio de lo que le sucedió a Charlie y del inquietante legado de las creaciones de su padre.
650 ## - PUNTO DE ACCESO ADICIONAL DE MATERIA--TÉRMINO DE MATERIA
Término de materia o nombre geográfico como elemento de entrada Terror
650 ## - PUNTO DE ACCESO ADICIONAL DE MATERIA--TÉRMINO DE MATERIA
Término de materia o nombre geográfico como elemento de entrada Videojuegos
650 ## - PUNTO DE ACCESO ADICIONAL DE MATERIA--TÉRMINO DE MATERIA
Término de materia o nombre geográfico como elemento de entrada Suspenso
700 ## - PUNTO DE ACCESO ADICIONAL--NOMBRE DE PERSONA
Nombre de persona Maqueda, Elia
Término indicativo de función/relación traductora
942 ## - ELEMENTOS DE PUNTO DE ACCESO ADICIONAL (KOHA)
Fuente del sistema de clasificación o colocación
Tipo de ítem Koha Libro Literatura
Existencias
Estado de retiro Estado de pérdida Fuente del sistema de clasificación o colocación Estado dañado No para préstamo Código de colección Localización permanente Ubicación/localización actual Ubicación en estantería Fecha de adquisición Fuente de adquisición Número de inventario Total de préstamos Signatura topográfica completa Código de barras En préstamo Fecha visto por última vez Fecha del último préstamo Número de copia Precio válido a partir de Tipo de ítem Koha Nota pública
          Literatura Juvenil Biblioteca Pública San Juan Bosco Biblioteca Pública San Juan Bosco Literatura 06/05/2025 Compra 2024 NT 3 JN CAWc MOS504387 19/06/2026 02/06/2026 02/06/2026 Ej.1 06/05/2025 Libro Literatura Quince dias
          Literatura Juvenil Biblioteca Pública San Juan Bosco Biblioteca Pública San Juan Bosco Literatura 06/05/2025 Compra 2024 NT 2 JN CAWc MOS504388   20/02/2026 30/01/2026 Ej.2 06/05/2025 Libro Literatura Quince dias

© Todos los derechos reservados para la Biblioteca Pública Municipal San Juan Bosco, 2020
Secretaria de Cultura de Mosquera
Carrera 3 N° 10 Esquina Centro Cultural Barrio El Carmén Teléfono: 8270830 Ext: 34
Funcionando con KOHA
Contacto: Biblioteca Pública Municipal San Juan Bosco/ bibliotecasanjuanbosco@mosquera-cundinamarca.gov.co
Mosquera, Cundinamarca